000 nam a22 7a 4500
999 _c29947
_d29947
008 181119b xxu||||| |||| 00| 0 eng d
020 _a9788131419267
050 _aHD 57.7 .L43 2008
100 _aEdited by Reddy Sumati
245 _aLeadership development:
_bperspectives and cases/
_cEdited by Sumati Reddy
260 _aIndia;
_bThe Icfai University press,
_c2008.
300 _av,208p.;
_bill.:
_c23cm.
942 _2lcc
_cBOOKS
_hHD 57.7 .L43 2008
_01